Teoretické vymedzenie investícií a priamych zahraničných investícií

Investície a ich teoretické vymedzenie. Vymedzenie priamych zahraničných investícií. Formy priamych zahraničných investícií. Komponenty priamych zahraničných investícií. Hranice vlastníctva kapitálu.

Salvato in:
Dettagli Bibliografici
Autore principale: Fabuš, Michal
Natura: Capitolo di libro
Lingua:slovacco
Soggetti:
Tags: Aggiungi Tag
Nessun Tag, puoi essere il primo ad aggiungerne!!

MARC

LEADER 00000nla$a2200000$$$4500
001 0126266
005 20240522073421.8
041 0 |a slo 
044 |a SK 
245 1 0 |a Teoretické vymedzenie investícií a priamych zahraničných investícií  |c Michal Fabuš 
520 |a Investície a ich teoretické vymedzenie. Vymedzenie priamych zahraničných investícií. Formy priamych zahraničných investícií. Komponenty priamych zahraničných investícií. Hranice vlastníctva kapitálu. 
610 2 0 |a investície priame zahraničné 
610 2 0 |a pojmy 
610 2 0 |a investori 
610 2 0 |a kapitál zahraničný 
610 2 0 |a rast hospodársky 
610 2 0 |a investovanie 
100 1 |a Fabuš, Michal